[Event "Mondiale Lampo FIDE 2022"]
[Site "Alma Ata"]
[Date "30.12.2022"]
[Round "17.55"]
[White "Cheng, Bobby"]
[Black "Donchenko, Alexander"]
[Result "0-1"]
[WhiteTitle ""]
[BlackTitle ""]
[WhiteElo "2583"]
[BlackElo "2636"]
[WhiteFideId "4300033"]
[BlackFideId "24603295"]
[EventDate "29.12.2022"]

1. b3 e5 2. Bb2 d6 3. e3 Be7 4. c4 Nf6 5. Nc3 O-O 6. Nf3 c6 7. d3 Re8 8. Be2 Bf8
9. O-O d5 10. cxd5 cxd5 11. d4 e4 12. Ne5 Nbd7 13. Rc1 a6 14. Na4 Bd6 15. Nxd7
Bxd7 16. Nc5 Bc8 17. Qd2 h5 18. h3 Ra7 19. Rc2 Bb8 20. f4 exf3 21. Rxf3 Qd6 22.
Bd3 Qh2+ 23. Kf2 Ne4+ 24. Bxe4 dxe4 25. Nxe4 Bg4 26. hxg4 hxg4 27. Rg3 f5 28.
Qe2 b5 29. Rxg4 fxg4 30. Qxg4 Rf7+ 31. Ke2 Qh7 32. Rc8 Rxc8 33. Qxc8+ Rf8 34.
Qe6+ Kh8 35. d5 Qh5+ 36. Kd2 Re8 37. Qd7 Be5 38. Bxe5 Qxe5 39. Qh3+ Kg8 40. Nc3
b4 41. Ne2 Qb2+ 42. Kd3 Qxa2 43. Nd4 Qb1+ 44. Kd2 Qb2+ 45. Kd1 Qb1+ 46. Kd2 Qe4
47. d6 Rd8 48. Qg3 Qd5 49. Qg6 Qxd6 50. Qe4 Qd5 51. Qg6 Qxb3 52. Ke2 Qc4+ 53.
Kf2 Qf7+ 0-1

[Event "Mondiale Lampo FIDE 2022"]
[Site "Alma Ata"]
[Date "30.12.2022"]
[Round "17.56"]
[White "Pranav, V"]
[Black "Munkhgal, Gombosuren"]
[Result "1-0"]
[WhiteTitle ""]
[BlackTitle ""]
[WhiteElo "2545"]
[BlackElo "2463"]
[WhiteFideId "25060783"]
[BlackFideId "4901266"]
[EventDate "29.12.2022"]

1. e4 e6 2. d3 d5 3. Nd2 Nf6 4. Ngf3 Nc6 5. c3 e5 6. Be2 Be7 7. O-O O-O 8. Qc2
a5 9. Re1 dxe4 10. dxe4 Bc5 11. Bb5 Qe7 12. h3 Bxf2+ 13. Kxf2 Qc5+ 14. Kg3 Qxb5
15. Nf1 h6 16. Kh2 Be6 17. Ng3 Rad8 18. Nh4 Qd3 19. Qf2 Kh7 20. Nhf5 Ng8 21. Be3
g6 22. Nh4 Qc4 23. Rf1 b5 24. Bc5 Nce7 25. b4 a4 26. a3 Rd3 27. Nf3 f6 28. Nxe5
Qxc3 29. Nxd3 Qxd3 30. Rac1 c6 31. Qf4 Qxa3 32. Bxe7 Nxe7 33. Qd6 Qb3 34. Qxe7+
Rf7 35. Qd8 a3 36. Rxc6 a2 37. Ra6 Rg7 38. Ra8 Bg8 39. Qxf6 Qxb4 40. e5 Qd4 41.
Qd6 Qxd6 42. exd6 b4 43. Ne4 b3 44. Nf6+ Kh8 45. d7 Rxd7 46. Rxg8# 1-0

[Event "Mondiale Lampo FIDE 2022"]
[Site "Alma Ata"]
[Date "30.12.2022"]
[Round "17.57"]
[White "Daneshvar, Bardiya"]
[Black "Durarbayli, Vasif"]
[Result "1-0"]
[WhiteTitle ""]
[BlackTitle ""]
[WhiteElo "2500"]
[BlackElo "2612"]
[WhiteFideId "12576468"]
[BlackFideId "13402935"]
[EventDate "29.12.2022"]

1. Nf3 d5 2. g3 c6 3. Bg2 Bg4 4. h3 Bxf3 5. Bxf3 Nd7 6. O-O e5 7. d3 Ngf6 8. e4
dxe4 9. dxe4 Be7 10. Qe2 O-O 11. c3 a5 12. Kg2 Qc7 13. h4 Nc5 14. Nd2 b5 15. Nb3
Ne6 16. a4 Rfb8 17. Qc2 Ne8 18. Bg4 Nc5 19. Nxc5 Bxc5 20. Rd1 Nd6 21. b3 Rd8 22.
Bg5 f6 23. Bd2 Qf7 24. h5 Kh8 25. Be1 g6 26. axb5 cxb5 27. b4 axb4 28. Rxa8 Rxa8
29. Rd5 b3 30. Qxb3 f5 31. hxg6 hxg6 32. exf5 gxf5 33. Be2 Ra1 34. Bd2 Kg7 35.
Bg5 Ne4 36. Bh4 Bxf2 37. Qxb5 Ra7 38. Rxe5 Rb7 39. Qc4 Qxc4 40. Bxc4 Rb2 41.
Rxf5 Bxg3+ 42. Kf3 Nd2+ 43. Kxg3 Nxc4 44. Rf4 Nd6 45. Be7 Nb5 46. c4 Nc7 47.
Bf6+ 1-0

[Event "Mondiale Lampo FIDE 2022"]
[Site "Alma Ata"]
[Date "30.12.2022"]
[Round "17.58"]
[White "Zverev, Lev"]
[Black "Najer, Evgeniy"]
[Result "0-1"]
[WhiteTitle ""]
[BlackTitle ""]
[WhiteElo "2310"]
[BlackElo "2662"]
[WhiteFideId "24250775"]
[BlackFideId "4118987"]
[EventDate "29.12.2022"]

1. e4 e5 2. Nf3 Nc6 3. Bc4 Bc5 4. d3 Nf6 5. O-O a6 6. c3 d6 7. Bb3 O-O 8. h3 h6
9. Nbd2 Ba7 10. Re1 Be6 11. Bc2 Nh7 12. Nf1 f5 13. exf5 Bxf5 14. Ng3 Bg6 15. Be3
Bxe3 16. fxe3 Ng5 17. Nh2 d5 18. d4 e4 19. Qg4 Qd6 20. h4 Nh7 21. Rf1 Ne7 22.
Bb3 Kh8 23. c4 Nf6 24. Qh3 c5 25. Ne2 dxc4 26. Bxc4 b5 27. Bb3 c4 28. Bc2 Nfd5
29. Nc3 Nxc3 30. bxc3 Nd5 31. h5 Bh7 32. Rxf8+ Rxf8 33. Rf1 Nxc3 34. Qg4 Nd5 35.
Rxf8+ Qxf8 36. Qg3 Qf5 37. Qb8+ Bg8 38. Qe8 Nf6 39. Qa8 Qxh5 40. d5 Qxd5 41. Qa7
Qd2 42. Qd4 Qxc2 43. Nf1 Qd3 44. Qe5 Qd5 45. Qe7 c3 46. Qc7 Qc4 0-1

[Event "Mondiale Lampo FIDE 2022"]
[Site "Alma Ata"]
[Date "30.12.2022"]
[Round "17.59"]
[White "Sargissian, Gabriel"]
[Black "Urazayev, Arystanbek"]
[Result "1/2-1/2"]
[WhiteTitle ""]
[BlackTitle ""]
[WhiteElo "2699"]
[BlackElo "2465"]
[WhiteFideId "13300881"]
[BlackFideId "13709810"]
[EventDate "29.12.2022"]

1. d4 d5 2. c4 e6 3. Nc3 Nf6 4. cxd5 exd5 5. Bg5 c6 6. e3 Bd6 7. Bd3 O-O 8. Nf3
Be6 9. Qc2 h6 10. Bf4 Re8 11. Ne5 c5 12. O-O cxd4 13. exd4 Nc6 14. Nb5 Nb4 15.
Qd2 Nxd3 16. Qxd3 Bb8 17. Rfe1 Ne4 18. Nc3 Nxc3 19. bxc3 Bd6 20. Qg3 Qf6 21. Re3
Bf5 22. Rae1 Re7 23. Ng4 Bxg4 24. Bxd6 Rxe3 25. Rxe3 Qg6 26. h3 Bd7 27. Qf4 Qf5
28. Qh4 Re8 1/2-1/2

[Event "Mondiale Lampo FIDE 2022"]
[Site "Alma Ata"]
[Date "30.12.2022"]
[Round "17.60"]
[White "Sjugirov, Sanan"]
[Black "Uskov, Artem"]
[Result "1-0"]
[WhiteTitle ""]
[BlackTitle ""]
[WhiteElo "2712"]
[BlackElo "2376"]
[WhiteFideId "4189302"]
[BlackFideId "34254854"]
[EventDate "29.12.2022"]

1. e4 c5 2. Nf3 d6 3. Bb5+ Nd7 4. d4 cxd4 5. O-O a6 6. Bxd7+ Bxd7 7. Qxd4 Nf6 8.
Bg5 e5 9. Qd3 h6 10. Bxf6 Qxf6 11. Nc3 Rc8 12. Nd5 Qd8 13. c4 Be6 14. a4 g6 15.
Rfd1 Bg7 16. b3 O-O 17. a5 f5 18. Ra2 Kh7 19. Ne3 Rc6 20. h4 f4 21. Nd5 Rc5 22.
b4 Rc6 23. Rad2 Bg4 24. Nb6 Qf6 25. Qa3 Re8 26. b5 Bxf3 27. Qxf3 axb5 28. cxb5
Rc5 29. Nd7 Qxh4 30. Nxc5 dxc5 31. Rd7 g5 32. Qh3 Qxh3 33. gxh3 c4 34. Rxb7 Kg6
35. Rd6+ Bf6 36. Rbb6 Rf8 37. Rbc6 h5 38. a6 g4 39. a7 Kg5 40. Rxf6 1-0

[Event "Mondiale Lampo FIDE 2022"]
[Site "Alma Ata"]
[Date "30.12.2022"]
[Round "17.61"]
[White "Savchenko, Boris"]
[Black "Aleksandrov, Aleksej"]
[Result "1-0"]
[WhiteTitle ""]
[BlackTitle ""]
[WhiteElo "2552"]
[BlackElo "2495"]
[WhiteFideId "4147332"]
[BlackFideId "13500139"]
[EventDate "29.12.2022"]

1. d4 Nf6 2. c4 e6 3. Nc3 Bb4 4. e3 O-O 5. Nf3 c5 6. Bd3 d5 7. cxd5 exd5 8. O-O
c4 9. Bc2 Nc6 10. Ne5 Bxc3 11. bxc3 Qa5 12. a4 Nxe5 13. dxe5 Qxc3 14. Ba3 Qxe5
15. Bxf8 Kxf8 16. a5 Rb8 17. Rb1 b5 18. axb6 axb6 19. Qd2 b5 20. Rfd1 g6 21. e4
dxe4 22. Qh6+ Ke7 23. Ra1 b4 24. Ra7+ Rb7 25. Ra8 Rb8 26. Ra7+ Rb7 27. Ra8 Rb8
28. Qd2 Kf8 29. Rxb8 Qxb8 30. Qd4 Kg7 31. Qxc4 Be6 32. Qd4 Qb7 33. Re1 Bf5 34.
Rb1 Qc7 35. Bd1 Qc3 36. Qxb4 Qxb4 37. Rxb4 h5 38. h3 h4 39. Rd4 g5 40. Ba4 Kf8
41. Bc6 Bg6 42. Bb7 Ke7 43. Kf1 Ke6 44. Ke1 Ke5 45. Ra4 1-0

[Event "Mondiale Lampo FIDE 2022"]
[Site "Alma Ata"]
[Date "30.12.2022"]
[Round "17.62"]
[White "Khusnutdinov, Rustam"]
[Black "Isanzhulov, Arystan"]
[Result "1-0"]
[WhiteTitle ""]
[BlackTitle ""]
[WhiteElo "2441"]
[BlackElo "2313"]
[WhiteFideId "13701703"]
[BlackFideId "13711644"]
[EventDate "29.12.2022"]

1. e4 Nf6 2. Nc3 e5 3. Nf3 Nc6 4. Be2 g6 5. d4 exd4 6. Nxd4 d6 7. Bg5 Bg7 8.
Nxc6 bxc6 9. e5 dxe5 10. Qxd8+ Kxd8 11. O-O-O+ Ke7 12. Bf3 Be6 13. Bxc6 Rad8 14.
Be3 Bd7 15. Bxd7 Rxd7 16. Bxa7 Bh6+ 17. Kb1 Ra8 18. Bc5+ Ke6 19. a4 c6 20. b3
Nd5 21. Ne2 Rb7 22. Ka2 Ra5 23. Ba3 Ra8 24. Rhe1 f6 25. c4 Rc7 26. cxd5+ cxd5
27. Kb1 Rb8 28. Nd4+ Kf7 29. Bd6 Rcb7 30. Bxb8 exd4 31. Bd6 Rxb3+ 32. Ka2 Rb6
33. Bc5 Rc6 34. Bxd4 Rc4 35. Kb3 Bf8 36. Bc3 1-0

[Event "Mondiale Lampo FIDE 2022"]
[Site "Alma Ata"]
[Date "30.12.2022"]
[Round "17.63"]
[White "Bilguun, Sumiya"]
[Black "Christiansen, Johan-Sebastian"]
[Result "1-0"]
[WhiteTitle ""]
[BlackTitle ""]
[WhiteElo "2474"]
[BlackElo "2578"]
[WhiteFideId "4901541"]
[BlackFideId "1512668"]
[EventDate "29.12.2022"]

1. e4 e5 2. Nf3 Nc6 3. Bc4 Nf6 4. d3 h6 5. c3 d6 6. Bb3 g6 7. Na3 Bg7 8. Nc2 O-O
9. Ne3 Be6 10. O-O d5 11. Qc2 Re8 12. Ba4 d4 13. Bxc6 bxc6 14. cxd4 exd4 15. Nc4
c5 16. b3 Nd7 17. Bf4 Rc8 18. Rac1 Qf6 19. Qd2 Bg4 20. Ne1 Kh7 21. Bg3 h5 22. h3
Be6 23. f4 Bh6 24. Nf3 Bxc4 25. Rxc4 Kg8 26. Bh2 Nf8 27. Rxc5 Ne6 28. Rc6 Rb8
29. Ng5 Rb6 1-0

[Event "Mondiale Lampo FIDE 2022"]
[Site "Alma Ata"]
[Date "30.12.2022"]
[Round "17.64"]
[White "Fedorov, Alexei"]
[Black "Suyarov, Mukhammadzokhid"]
[Result "1-0"]
[WhiteTitle ""]
[BlackTitle ""]
[WhiteElo "2475"]
[BlackElo "2299"]
[WhiteFideId "13500465"]
[BlackFideId "14210495"]
[EventDate "29.12.2022"]

1. e4 e6 2. Qe2 Be7 3. d3 d5 4. Nf3 Nf6 5. g3 c5 6. Bg2 Nc6 7. O-O O-O 8. e5 Nd7
9. c4 d4 10. h4 Qc7 11. Bf4 Rb8 12. Nbd2 b5 13. b3 bxc4 14. Nxc4 Nb6 15. h5 Nd5
16. Qd2 Ba6 17. h6 g6 18. Bg5 Bxc4 19. dxc4 Nc3 20. Rfe1 a5 21. Bxe7 Qxe7 22.
Ng5 Nb4 23. Ne4 Nxe4 24. Bxe4 a4 25. a3 Na6 26. Qa5 Nc7 27. Qxa4 Rb6 28. b4 cxb4
29. axb4 Rxb4 30. Qc6 Ne8 31. Ra8 f6 32. exf6 Qxf6 33. Rf1 Qe7 34. Bg2 Rb2 35.
Bh3 Nd6 36. Rxf8+ Kxf8 37. Ra1 Nf5 38. Qa8+ Qe8 39. Bxf5 Qxa8 40. Rxa8+ Kf7 41.
Be4 Re2 42. f3 Re1+ 43. Kf2 Rh1 44. Ra7+ Kg8 45. c5 Rc1 46. c6 d3 47. Ke3 Rc3
48. Kd2 Rc5 49. Kxd3 e5 50. g4 g5 51. Bxh7+ Kh8 52. Be4 Kg8 53. c7 Rc1 54. Ra8+
Kf7 55. c8=Q Rxc8 56. Rxc8 Ke7 57. Ra8 Kd6 58. h7 1-0

[Event "Mondiale Lampo FIDE 2022"]
[Site "Alma Ata"]
[Date "30.12.2022"]
[Round "17.65"]
[White "Zhalmakhanov, Ramazan"]
[Black "Munkhdalai, Amilal"]
[Result "1/2-1/2"]
[WhiteTitle ""]
[BlackTitle ""]
[WhiteElo "2401"]
[BlackElo "2142"]
[WhiteFideId "13706357"]
[BlackFideId "4903250"]
[EventDate "29.12.2022"]

1. e4 c5 2. Nc3 e6 3. g3 Nc6 4. Bg2 d6 5. Nge2 g6 6. d4 Bg7 7. dxc5 dxc5 8.
Qxd8+ Kxd8 9. Be3 Nd4 10. O-O-O e5 11. f4 Bg4 12. Rd2 f6 13. h3 Bxe2 14. Nxe2
Ke8 15. c3 Nxe2+ 16. Rxe2 b6 17. Rd2 Rd8 18. Rhd1 Rxd2 19. Rxd2 Nh6 20. fxe5
fxe5 21. Bf1 Rf8 22. Bb5+ Kf7 23. Rd7+ Kg8 24. Bc4+ Kh8 25. Kd2 Ng8 26. Bxg8
Kxg8 27. Rxa7 Rf3 28. Rb7 Rxg3 29. Rxb6 Rxh3 30. a4 Bh6 31. Bxh6 Rxh6 32. a5 Rh1
33. Rb3 c4 34. Ra3 Rh2+ 35. Kc1 Rh1+ 36. Kc2 Rh2+ 37. Kb1 Rd2 38. Ra4 h5 39. a6
Rd8 40. Rxc4 h4 41. a7 h3 42. Rb4 h2 43. Rb8 h1=Q+ 44. Ka2 Qd1 45. a8=Q Rxb8 46.
Qxb8+ Kh7 47. Qa7+ Kh6 48. c4 Qd3 49. Qa6 Qxe4 50. Kb3 Qd3+ 51. Kb4 e4 52. Qf6
Kh5 53. c5 e3 54. c6 Qe4+ 55. Kc5 e2 56. Qh8+ Kg4 57. c7 e1=Q 58. c8=Q+ Qf5+ 59.
Qxf5+ gxf5 60. b4 f4 61. Qg8+ Kh3 62. Qh7+ Kg2 63. Qg6+ Kf2 64. b5 f3 65. b6
Qe3+ 66. Kc6 Qc3+ 67. Kd7 Qd4+ 68. Kc7 Qc5+ 69. Qc6 Qxc6+ 70. Kxc6 Kg2 71. b7 f2
72. b8=Q f1=Q 73. Qb2+ Qf2 74. Qg7+ Qg3 75. Qe7 Qf3+ 76. Kd6 Qg3+ 77. Qe5 Qxe5+
78. Kxe5 1/2-1/2

[Event "Mondiale Lampo FIDE 2022"]
[Site "Alma Ata"]
[Date "30.12.2022"]
[Round "17.66"]
[White "Ansat, Aldiyar"]
[Black "Maze, Sebastien"]
[Result "0-1"]
[WhiteTitle ""]
[BlackTitle ""]
[WhiteElo "2291"]
[BlackElo "2538"]
[WhiteFideId "13715658"]
[BlackFideId "613762"]
[EventDate "29.12.2022"]

1. e4 c5 2. Nf3 Nc6 3. d4 cxd4 4. Nxd4 g6 5. Nc3 Bg7 6. Be3 Nf6 7. Bc4 Qa5 8.
O-O O-O 9. Nb3 Qc7 10. h3 a6 11. a4 d6 12. f4 Nb4 13. Be2 Be6 14. Nd4 Bc4 15.
Qd2 Rac8 16. Rae1 Rfd8 17. g4 Bxe2 18. Qxe2 Qc4 19. Qxc4 Rxc4 20. Rd1 Rdc8 21.
g5 Nd7 22. Rf2 Nc5 23. a5 Rxc3 24. bxc3 Na2 25. Ne2 Nxe4 26. Rb1 Nxf2 27. Kxf2
Nxc3 28. Nxc3 Bxc3 29. Rxb7 Bxa5 30. Rxe7 Rxc2+ 31. Kf3 Kf8 32. Ra7 Rc6 33. Bd4
Bc3 34. Bf6 Rc8 35. Be7+ Kg8 36. Bxd6 a5 37. Ke4 Kg7 38. Bc7 a4 39. Kd3 Bb2 40.
Bd6 a3 41. Ke4 h6 42. Bxa3 Bxa3 43. Rxa3 Rc4+ 44. Kf3 h5 45. Rb3 Kf8 46. Re3 Rc1
47. Rb3 Rg1 48. Ke4 h4 49. Ke5 Rg3 50. Rb4 Kg7 51. f5 Rxg5 52. Rxh4 Rxf5+ 53.
Ke4 Rf1 54. Ke3 g5 55. Ra4 Kg6 56. Ke2 Rf5 57. Ra8 Rf4 58. Ke3 f6 59. Rb8 Rh4
60. Kf3 Rxh3+ 61. Kg4 Rh4+ 62. Kg3 Rc4 63. Kf3 Rc3+ 64. Ke4 f5+ 65. Kd4 Rc1 66.
Ke3 Kh5 67. Kf3 Rc3+ 68. Kf2 Kg4 69. Ke2 f4 70. Rb2 Kg3 71. Ra2 g4 0-1

[Event "Mondiale Lampo FIDE 2022"]
[Site "Alma Ata"]
[Date "30.12.2022"]
[Round "17.67"]
[White "Saraci, Nderim"]
[Black "Kazakov, Konstantin"]
[Result "1-0"]
[WhiteTitle ""]
[BlackTitle ""]
[WhiteElo "2468"]
[BlackElo "2385"]
[WhiteFideId "6351921"]
[BlackFideId "13700898"]
[EventDate "29.12.2022"]

1. b3 c5 2. Bb2 Nc6 3. Nf3 d6 4. d4 cxd4 5. Nxd4 Nf6 6. c4 Bd7 7. e3 a6 8. Be2
e6 9. O-O Be7 10. Nc3 O-O 11. Bf3 Rc8 12. Rc1 Qa5 13. Qd2 Rfd8 14. Rfd1 Nxd4 15.
exd4 b5 16. Nd5 Qxd2 17. Nxe7+ Kf8 18. Rxd2 Kxe7 19. Ba3 bxc4 20. bxc4 Bc6 21.
Be2 Kd7 22. f3 Rb8 23. Bd3 d5 24. cxd5 Nxd5 25. Rdc2 Ba4 26. Rc5 Bb5 27. Be4 Ke8
28. Bxd5 Rxd5 29. Rxd5 exd5 30. Re1+ Kd8 31. Re7 Be8 32. Ra7 Rb6 33. Bc5 Rb1+
34. Kf2 Rb2+ 35. Kg3 Rxa2 36. Ra8+ Kd7 37. Ra7+ Kd8 38. Ra8+ Kd7 39. Ra7+ Kd8
40. Bf8 g6 41. Bc5 Bd7 42. h4 h5 43. Kf4 Rxg2 44. Rxa6 Kc7 45. Ra7+ Kc8 46. Ke5
Re2+ 47. Kxd5 Re6 48. Bd6 Be8 49. Kc5 Re2 50. d5 f6 51. Be7 g5 52. Bxf6 gxh4 53.
Bxh4 Rh2 54. Bg5 h4 55. Kd6 Bb5 56. Bf4 Re2 57. Rc7+ Kb8 58. Rh7 Ka8 59. Rxh4
Rf2 60. Rh3 Be2 61. Rh8+ Ka7 62. Be3+ 1-0

[Event "Mondiale Lampo FIDE 2022"]
[Site "Alma Ata"]
[Date "30.12.2022"]
[Round "17.68"]
[White "Gurel, Ediz"]
[Black "Harsha, Bharathakoti"]
[Result "1-0"]
[WhiteTitle ""]
[BlackTitle ""]
[WhiteElo "2454"]
[BlackElo "2593"]
[WhiteFideId "44507356"]
[BlackFideId "5078776"]
[EventDate "29.12.2022"]

1. e4 g6 2. d4 Bg7 3. Nc3 d6 4. Be3 a6 5. h4 Nf6 6. h5 Nxh5 7. Rxh5 gxh5 8. Qxh5
e6 9. Nf3 Nd7 10. O-O-O Qe7 11. e5 h6 12. Bd3 d5 13. Qg4 Qf8 14. Ne2 h5 15. Qh3
Nb6 16. Ng5 Bd7 17. Qf3 Bb5 18. Nf4 O-O-O 19. Nxh5 Bxd3 20. cxd3 Rd7 21. Rh1 Kb8
22. g4 Ka7 23. a3 Bh6 24. Qf6 Bxg5 25. Bxg5 Rg8 26. Nf4 c5 27. Kb1 cxd4 28. Bh6
Qc8 29. Ne2 Qc5 30. Rc1 Qb5 31. Qf3 Na4 32. Rc2 Qb6 33. Nxd4 Ka8 34. Be3 Qd8 35.
g5 Rh8 36. Ka2 Rc7 37. Qe2 Rxc2 38. Qxc2 Nb6 39. g6 fxg6 40. Nxe6 Qd7 41. Nc7+
Ka7 42. Qc5 Qc6 43. Nxd5 Qxc5 44. Bxc5 g5 45. Bxb6+ Kb8 46. e6 Kc8 47. Ne7+ Kb8
48. Nf5 Re8 49. e7 Kc8 50. Bd8 Kd7 51. Ng7 Rxe7 52. Bxe7 Kxe7 53. Kb3 Kf6 54.
Nh5+ Kf5 55. Kc3 Kg4 56. Nf6+ Kf3 57. Ne4 g4 58. Kd4 b5 59. Ke5 1-0

[Event "Mondiale Lampo FIDE 2022"]
[Site "Alma Ata"]
[Date "30.12.2022"]
[Round "17.69"]
[White "Svane, Frederik"]
[Black "Tsaruk, Maksim"]
[Result "1-0"]
[WhiteTitle ""]
[BlackTitle ""]
[WhiteElo "2568"]
[BlackElo "2373"]
[WhiteFideId "12923044"]
[BlackFideId "13511173"]
[EventDate "29.12.2022"]

1. e4 d5 2. exd5 Qxd5 3. Nc3 Qa5 4. d4 Nf6 5. Nf3 c6 6. Bc4 Bf5 7. Bd2 e6 8. Qe2
Qc7 9. O-O-O Nbd7 10. Nh4 Bg6 11. h3 Be7 12. Rhe1 b5 13. Nxg6 hxg6 14. Bd3 Nb6
15. Kb1 Nbd5 16. Nxd5 Nxd5 17. Qg4 Rd8 18. Bxg6 fxg6 19. Qxg6+ Kf8 20. Rxe6 Bf6
21. Rde1 Qf7 22. Qg3 Kg8 23. Rxc6 Bxd4 24. Rd6 Rc8 25. Qg4 Qc7 26. Qe6+ Kf8 27.
Qf5+ Bf6 28. Rxd5 Rh5 29. Bb4+ Kg8 30. Qe6+ 1-0

[Event "Mondiale Lampo FIDE 2022"]
[Site "Alma Ata"]
[Date "30.12.2022"]
[Round "17.70"]
[White "Makarian, Rudik"]
[Black "Vetokhin, Savva"]
[Result "1-0"]
[WhiteTitle ""]
[BlackTitle ""]
[WhiteElo "2554"]
[BlackElo "2354"]
[WhiteFideId "44105681"]
[BlackFideId "44144474"]
[EventDate "29.12.2022"]

1. a3 g6 2. d4 Nf6 3. Nf3 d5 4. e3 Bg7 5. b4 O-O 6. Be2 b6 7. O-O c5 8. Bb2 Ne4
9. Nbd2 Nxd2 10. Qxd2 Bf5 11. c4 dxc4 12. Bxc4 Be4 13. Ng5 Bd5 14. Bxd5 Qxd5 15.
e4 Qd8 16. bxc5 bxc5 17. d5 Bxb2 18. Qxb2 e6 19. dxe6 Qxg5 20. Qb7 Na6 21. exf7+
Kg7 22. Qxa6 Rxf7 23. Rac1 Raf8 24. Rc2 Qe5 25. Qc4 Rc7 26. Qc3 Qxc3 27. Rxc3
Rd8 28. Rfc1 Rd2 29. f3 Rb7 30. R3c2 Rxc2 31. Rxc2 Rc7 32. Kf2 g5 33. Ke3 Kf6
34. g3 h6 35. f4 Ke6 36. Rc4 Kd6 37. Rc3 Kc6 38. e5 Kd5 39. Rd3+ Kc4 40. Ke4
gxf4 41. gxf4 Rg7 42. Rd8 Rg2 43. f5 Rxh2 44. f6 Rf2 45. Rd7 Kb3 46. Rd3+ Kb2
47. Rf3 Re2+ 48. Kd5 1-0

[Event "Mondiale Lampo FIDE 2022"]
[Site "Alma Ata"]
[Date "30.12.2022"]
[Round "17.71"]
[White "Sapenov, Daniyal"]
[Black "Damjanovic, Vuk"]
[Result "0-1"]
[WhiteTitle ""]
[BlackTitle ""]
[WhiteElo "2323"]
[BlackElo "2361"]
[WhiteFideId "13728911"]
[BlackFideId "980021"]
[EventDate "29.12.2022"]

1. d4 Nf6 2. Nf3 c5 3. d5 b5 4. a4 b4 5. c4 g6 6. b3 Bg7 7. Bb2 d6 8. Nbd2 O-O
9. e4 e5 10. Be2 Nh5 11. g3 Bh3 12. Qc2 f5 13. exf5 Bxf5 14. Ne4 Nf6 15. Bd3
Bxe4 16. Bxe4 Nxe4 17. Qxe4 Qf6 18. Ke2 Qxf3+ 19. Qxf3 Rxf3 20. Kxf3 e4+ 21.
Kxe4 Bxb2 22. Rae1 Bc3 23. Re2 Nd7 24. f4 Re8+ 25. Kf3 Nf6 26. Rxe8+ Nxe8 27. h3
Kf7 28. Rh2 Ng7 29. g4 Bf6 30. Re2 Be7 31. Re4 Ne8 32. Re6 Nc7 33. Re2 h6 34.
Ke4 Ne8 35. Kf3 Ng7 36. Re1 Bf6 37. Re2 g5 38. Re4 Be7 39. Re2 gxf4 40. Kxf4 Ne8
41. Re6 Bf6 42. h4 Bg7 43. g5 hxg5+ 44. hxg5 Bc3 45. g6+ Kf8 46. Kg5 Bd2+ 47.
Kg4 Bc3 48. Kf3 Bd4 49. Ke4 Bb2 50. Kf4 Bg7 51. Kg5 Bc3 52. Kh6 Bg7+ 53. Kg5 Bc3
54. Re2 Bd4 55. Re6 Bc3 56. Kg4 Be5 57. Rxe5 dxe5 58. Kf5 Nd6+ 59. Kxe5 Nxc4+
60. Ke6 Nb6 61. a5 Nc8 62. d6 Nxd6 63. Kxd6 c4 64. bxc4 b3 65. c5 b2 66. c6 b1=Q
67. c7 Qb7 68. Kd7 Qd5+ 69. Kc8 Qa8+ 70. Kd7 Qe8+ 0-1

[Event "Mondiale Lampo FIDE 2022"]
[Site "Alma Ata"]
[Date "30.12.2022"]
[Round "17.72"]
[White "Harutyunyan, Tigran K."]
[Black "Arjun, Kalyan"]
[Result "1-0"]
[WhiteTitle ""]
[BlackTitle ""]
[WhiteElo "2511"]
[BlackElo "2505"]
[WhiteFideId "13303635"]
[BlackFideId "35018701"]
[EventDate "29.12.2022"]

1. Nf3 d5 2. g3 Bg4 3. Bg2 c6 4. O-O Nd7 5. d4 Ngf6 6. Nbd2 e6 7. Re1 Be7 8. e4
O-O 9. e5 Ne8 10. Nb3 a5 11. a4 b6 12. c3 c5 13. Be3 Rc8 14. Nc1 cxd4 15. cxd4
Nc7 16. h3 Bh5 17. Ne2 Na6 18. Nf4 Bg6 19. Nxg6 hxg6 20. Qe2 Nb4 21. Rec1 Nb8
22. Qb5 N8c6 23. Bf1 Qc7 24. Rc3 Qb7 25. Rac1 Na7 26. Qe2 Na2 27. Rxc8 Rxc8 28.
Rxc8+ Qxc8 29. h4 Nb4 30. Ne1 Qc6 31. b3 Qc3 32. Qd1 Nac6 33. Bb5 Na7 34. Bf1
Nac6 35. Kg2 Bf8 36. g4 Be7 37. h5 gxh5 38. gxh5 Kf8 39. Bb5 Ke8 40. Qg4 Bf8 41.
Nf3 Qc2 42. Bd2 Kd8 43. Qf4 Qf5 44. Qxf5 exf5 45. Bc3 Ke7 46. Kg3 g6 47. hxg6
fxg6 48. Bd2 Kf7 49. Ng5+ Kg8 50. Ne6 Be7 51. Bc3 Kf7 52. Nc7 Bd8 53. Bxc6 Nxc6
54. Nxd5 g5 55. f4 Ke6 56. Ne3 gxf4+ 57. Kxf4 Ne7 58. Be1 Nd5+ 59. Nxd5 Kxd5 60.
Kxf5 Kxd4 61. e6 Be7 62. Bf2+ Kc3 63. Bxb6 Kxb3 64. Kg6 Kxa4 65. Kf7 Bg5 66. Be3
Bh4 67. Bd4 Bd8 68. Bf6 1-0

[Event "Mondiale Lampo FIDE 2022"]
[Site "Alma Ata"]
[Date "30.12.2022"]
[Round "17.73"]
[White "Utegaliyev, Azamat"]
[Black "Khripachenko, Alexander"]
[Result "0-1"]
[BlackTitle ""]
[WhiteElo "2445"]
[BlackElo "2219"]
[WhiteFideId "13702467"]
[BlackFideId "54184975"]
[EventDate "29.12.2022"]

1. e4 e5 2. Bc4 Nf6 3. d3 c6 4. Nf3 d5 5. Bb3 a5 6. a3 a4 7. Ba2 Bd6 8. Nc3 d4
9. Ne2 O-O 10. Ng3 h6 11. O-O Na6 12. h3 Nc5 13. Nh2 Be6 14. Qf3 Bxa2 15. Rxa2
Ne6 16. Nf5 Re8 17. Bxh6 gxh6 18. Nxh6+ Kf8 19. N2g4 Nf4 20. g3 Nxg4 21. Qxg4
Ng6 22. h4 Qf6 23. Raa1 Ne7 24. Qg5 Qxg5 25. hxg5 Kg7 26. Kg2 f6 27. gxf6+ Kxh6
28. fxe7 Rxe7 29. Rh1+ Kg6 30. Rh4 Rh7 31. Rah1 Rxh4 32. Rxh4 Ra6 33. f4 Rb6 34.
f5+ Kg7 35. Rg4+ Kf7 36. Rh4 Rxb2 37. Rh7+ Kg8 38. Rd7 Bxa3 39. g4 Bf8 40. g5 a3
41. Rd8 a2 42. Ra8 Kf7 43. Kf3 Be7 44. Kg4 Rxc2 45. g6+ Kg7 46. Ra7 c5 47. Kf3
Kf6 48. Kg4 c4 49. dxc4 d3 50. Kf3 d2 51. Ke2 Rc1 0-1

[Event "Mondiale Lampo FIDE 2022"]
[Site "Alma Ata"]
[Date "30.12.2022"]
[Round "17.74"]
[White "Ivic, Velimir"]
[Black "Gadimbayli, Abdulla"]
[Result "1-0"]
[WhiteTitle ""]
[BlackTitle ""]
[WhiteElo "2572"]
[BlackElo "2524"]
[WhiteFideId "950122"]
[BlackFideId "13404938"]
[EventDate "29.12.2022"]

1. d4 d5 2. c4 e5 3. dxe5 d4 4. Nf3 Nc6 5. g3 Nge7 6. Bg2 Ng6 7. O-O Ngxe5 8.
Nxe5 Nxe5 9. Qb3 c6 10. Rd1 Be7 11. e3 d3 12. f4 Bg4 13. fxe5 Bxd1 14. Qxd1 O-O
15. Be4 Qc7 16. Qxd3 Rad8 17. Qc2 Qxe5 18. Nc3 Bc5 19. Bxh7+ Kh8 20. Qe4 Qh5 21.
Bf5 Rfe8 22. Qf4 g6 23. Bg4 Qh7 24. b4 Bf8 25. Bb2 Rd2 26. Na4+ Bg7 27. Bxg7+
Qxg7 28. Rf1 Re7 29. Nc5 Qh7 30. h4 Qg7 31. Ne4 Rd8 32. Nf6 c5 33. b5 a6 34. a4
Rf8 35. e4 axb5 36. axb5 Ra8 37. e5 b6 38. Bf3 Ra2 39. Bd5 Rea7 40. Rf2 Rxf2 41.
Kxf2 Qf8 42. Kg2 Re7 43. g4 Qg7 44. Kg3 Ra7 45. Bf3 Re7 46. Qe4 Qf8 47. Qe3 Kg7
48. Qg5 Qd8 49. h5 Qd4 50. h6+ Kh8 51. Nd5 Qxe5+ 52. Qxe5+ Rxe5 53. Nxb6 f5 54.
Nd7 Re3 55. gxf5 gxf5 56. Kf4 Rb3 57. Nxc5 Rb4 58. Bd5 1-0